[Event "Challenge"]
[Site "http://www.queenalice.com/game.php?id=312843"]
[Date "2007.11.30"]
[Round "-"]
[White "edw"]
[Black "captainslog"]
[Result "0-1"]
[WhiteElo "1492"]
[BlackElo "1654"]

1. d4 Nf6 2. c4 e6 3. Bf4 d5 4. e3 Nh5 5. Qxh5 Nd7 6. Nf3 Nf6 7. Qe5 Bd6 8. Qg5
h6 9. Qxg7 Rg8 10. Qxh6 Rg6 11. Qh4 Rg4 12. Qh8+ Rg8 13. Qh4 Rg4 14. Qh6 Rg6 15.
Qh8+ Rg8 16. Qh3 e5 17. Qh6 exf4 18. exf4 Rg6 19. Qh4 Rg4 20. Qh6 Bxf4 21. Ng5
Qe7+ 22. Be2 Rxg5 23. O-O Rxg2+ 24. Kxg2 Bxh6 25. Nc3 Bd2 26. Bf3 Bxc3 27. bxc3
Qa3 28. cxd5 Qxc3 29. Kh1 Qxf3+ 0-1

[Event "Challenge"]
[Site "http://www.queenalice.com/game.php?id=312845"]
[Date "2007.11.30"]
[Round "-"]
[White "edw"]
[Black "blowupthetv"]
[Result "0-1"]
[WhiteElo "1452"]
[BlackElo "1436"]

1. d4 d5 2. Qd3 Nc6 3. e4 Nf6 4. exd5 Nxd5 5. Nf3 g6 6. Be3 Bf5 7. Qc4 e6 8.
Nbd2 Bg7 9. h4 Ncb4 10. Bg5 Qd6 11. Bd3 O-O 12. Bxf5 exf5 13. O-O a6 14. a3 b5
15. Qc3 Nxc3 16. bxc3 Nxc2 17. Ra2 Nxa3 18. Rfa1 Nc4 19. Nxc4 bxc4 20. Rb2 Rfb8
21. Re2 c5 22. dxc5 Qxc5 23. Be3 Qe7 24. Rae1 Bxc3 25. Bd2 Qb4 26. Bxc3 Qxc3 27.
Re3 Qc2 28. Ng5 Rb1 29. Kf1 Rxe1+ 30. Rxe1 Rd8 31. g3 Rd1 32. Rxd1 Qxd1+ 33. Kg2
c3 0-1

[Event "Challenge"]
[Site "http://www.queenalice.com/game.php?id=314700"]
[Date "2007.12.4"]
[Round "-"]
[White "cdare"]
[Black "edw"]
[Result "1-0"]
[WhiteElo "1734"]
[BlackElo "1433"]

1. e4 e5 2. Nf3 Nc6 3. Nc3 Nf6 4. Bc4 Qe7 5. d3 Qc5 6. Be3 Nd4 7. O-O b6 8. Ng5
Be7 9. Bxf7+ Kf8 10. Bxd4 Qxd4 11. Bb3 h6 12. Nf3 Qd6 13. Nh4 Nh7 14. Qf3+ Ke8
15. Nf5 Qf6 16. Nd5 Qc6 17. Nfxe7 Qc5 18. Qh5+ Kd8 19. Qxe5 Nf6 20. Nf5 Nxd5 21.
Bxd5 Re8 22. Qxg7 c6 23. Bf7 Qf8 24. Bxe8 Qxe8 25. Qxh6 Qf7 26. Nd6 Qe7 27. Nxc8
Rxc8 28. a3 Kc7 29. b4 Kb7 30. f4 Rf8 31. f5 Qe5 32. Qxf8 d6 33. f6 Qc3 34. Qxd6
1-0

[Event "Challenge"]
[Site "http://www.queenalice.com/game.php?id=322179"]
[Date "2007.12.18"]
[Round "-"]
[White "Bixu"]
[Black "edw"]
[Result "1-0"]
[WhiteElo "1721"]
[BlackElo "1456"]

1. e4 d6 2. d4 Nf6 3. e5 dxe5 4. dxe5 Ne4 5. Bb5+ c6 6. Bd3 Bf5 7. g4 Bg6 8. f3
Nc5 9. Bxg6 fxg6 10. Nh3 Nbd7 11. b4 Ne6 12. Ng5 Nxg5 13. Bxg5 Nf6 14. exf6 gxf6
15. Bd2 Qb6 16. c3 O-O-O 17. Qe2 Rd5 18. f4 e5 19. g5 Be7 20. Be3 Qc7 21. O-O h5
22. gxf6 Bxf6 23. f5 gxf5 24. Rxf5 Rg8+ 25. Kf1 Bh4 26. Qxh5 Be7 27. Qh3 Kb8 28.
Nd2 c5 29. bxc5 Bxc5 30. Ne4 Bb6 31. Nf6 Qf7 32. Nxg8 Qxg8 33. Bxb6 axb6 34. Qf3
Qe6 35. Qe4 Rd2 36. Rxe5 Qh3+ 37. Ke1 Qxc3 38. Re8+ Kc7 39. Qf4+ Rd6+ 40. Kf2
Qb2+ 41. Re2 Qxa1 42. Rc2+ Kd7 43. Qf7+ Kd8 44. Qc7+ Ke8 45. Qxd6 Qg7 46. Rc8+
Kf7 47. Rc7+ Kg8 48. Rxg7+ Kxg7 49. Qxb6 1-0

[Event "Challenge"]
[Site "http://www.queenalice.com/game.php?id=324244"]
[Date "2007.12.22"]
[Round "-"]
[White "edw"]
[Black "Capixaba789"]
[Result "0-1"]
[WhiteElo "1435"]
[BlackElo "1807"]

1. e4 e5 2. Nf3 Nf6 3. Bc4 Nc6 4. Ng5 Bc5 5. Nxf7 Qe7 6. Nxh8 Bxf2+ 7. Kxf2
Nxe4+ 8. Ke3 d5 9. Qf3 Qg5+ 10. Ke2 Nd4+ 11. Kf1 Nxf3 12. Nc3 dxc4 13. Nxe4 Qf5
14. d3 Nd2+ 15. Ke2 Nxe4 16. dxe4 Qxe4+ 17. Be3 Bg4+ 18. Kf2 Qxc2+ 19. Kg3 Be6
20. Rhe1 O-O-O 21. Bxa7 Rxh8 22. Rxe5 Qg6+ 23. Kf2 Qf6+ 24. Rf5 Qxf5+ 25. Ke2
Qg4+ 26. Kf2 Rf8+ 27. Kg1 Bd5 28. g3 Qh3 0-1

[Event "Challenge"]
[Site "http://www.queenalice.com/game.php?id=324309"]
[Date "2007.12.22"]
[Round "-"]
[White "edw"]
[Black "Icarvs"]
[Result "0-1"]
[WhiteElo "1462"]
[BlackElo "1601"]

1. e4 e5 2. Bc4 d6 3. Nf3 Nf6 4. Nc3 Be7 5. Ng5 O-O 6. Nd5 c6 7. Nxf6+ Bxf6 8.
Nf3 Nd7 9. b3 Nc5 10. d3 d5 11. exd5 cxd5 12. Bb5 a6 13. Ba3 axb5 14. Bxc5 Re8
15. c3 e4 16. O-O exf3 17. Qxf3 Bxc3 18. Rac1 d4 19. Rc2 Be6 20. Re1 Bxe1 21.
Qg3 b4 22. Re2 Bc3 23. h3 b6 24. Re5 f6 25. Re4 bxc5 26. Re2 Bd5 27. Rxe8+ Qxe8
0-1

[Event "Challenge"]
[Site "http://www.queenalice.com/game.php?id=324355"]
[Date "2007.12.22"]
[Round "-"]
[White "edw"]
[Black "cdare"]
[Result "0-1"]
[WhiteElo "1421"]
[BlackElo "1666"]

1. e4 e5 2. Bc4 Bc5 3. Qf3 Nf6 4. b3 Nc6 5. Bb2 d6 6. Nh3 O-O 7. Nc3 Nd4 8. Qd3
Bxh3 9. Qxh3 Nxc2+ 10. Kd1 Nxa1 11. Bd3 Nxb3 12. axb3 a6 13. f3 b5 14. g4 Qe7
15. Rf1 Qe6 16. Kc2 c6 17. Rb1 a5 18. Qg3 a4 19. f4 Qxb3+ 20. Kc1 Bd4 21. Ne2
Bxb2+ 22. Rxb2 Qa3 23. fxe5 dxe5 24. Bc2 Qxg3 25. hxg3 Nxg4 26. Nc3 a3 27. Ra2
b4 28. Nb1 Rfb8 29. Bd1 c5 30. d3 b3 31. Rxa3 b2+ 32. Kd2 Rxa3 33. Nxa3 b1=Q 34.
Nxb1 Rxb1 35. Bxg4 f6 36. Be6+ Kf8 37. Bf5 g6 38. Be6 Kg7 39. Bc4 Rg1 40. Kc3
Rxg3 41. Kb3 h5 42. Ka4 h4 43. Be6 Rxd3 44. Kb5 h3 45. Kc4 Rd4+ 0-1

[Event "Challenge"]
[Site "http://www.queenalice.com/game.php?id=325573"]
[Date "2007.12.25"]
[Round "-"]
[White "edw"]
[Black "Viceroy"]
[Result "1-0"]
[WhiteElo "1429"]
[BlackElo "1701"]

1. e4 d5 2. Nc3 dxe4 3. Nxe4 Qd5 4. d3 Bf5 5. c4 Qd8 6. Nf3 Nf6 7. Nxf6+ gxf6 8.
b3 e6 9. Be2 Bb4+ 10. Bd2 Bxd2+ 11. Qxd2 c6 12. O-O Nd7 13. Qh6 Rg8 14. Nd4 Rg6
15. Qh5 Rg5 16. Qf3 Ne5 17. Qf4 Bxd3 18. Rad1 Bxe2 19. Nxe2 Qc7 20. Qxf6 Rh5 21.
Ng3 Ng4 22. Qg7 1-0

[Event "Challenge"]
[Site "http://www.queenalice.com/game.php?id=342105"]
[Date "2008.1.24"]
[Round "-"]
[White "edw"]
[Black "lily73"]
[Result "1-0"]
[WhiteElo "1388"]
[BlackElo "1514"]

1. e3 d5 2. Bd3 Nf6 3. Nf3 e6 4. O-O Bd6 5. c3 O-O 6. Ng5 Nc6 7. b3 g6 8. Ba3 h6
9. Nf3 e5 10. Bb5 Bf5 11. Bb2 a6 12. Bxc6 bxc6 13. c4 e4 14. Nd4 Bg4 15. f3 Bh5
16. d3 c5 17. Nc6 Qd7 18. Na5 exf3 19. Rxf3 Ng4 20. Qe1 Bxh2+ 21. Kf1 dxc4 22.
Qc3 Rae8 23. Qg7# 1-0

[Event "Challenge"]
[Site "http://www.queenalice.com/game.php?id=353352"]
[Date "2008.2.12"]
[Round "-"]
[White "edw"]
[Black "quifaiquoi"]
[Result "0-1"]
[WhiteElo "1434"]
[BlackElo "2051"]

1. e3 c5 2. Bc4 Nf6 3. Nc3 g6 4. Nf3 Bg7 5. b3 Nc6 6. Ba3 b6 7. O-O a6 8. d4
cxd4 9. exd4 b5 10. Bxf7+ Kxf7 11. Re1 Re8 12. Ne4 Bb7 13. Neg5+ Kg8 14. d5 Na7
15. Bb2 Nxd5 16. Bxg7 Kxg7 17. Qd4+ Nf6 18. Re3 Bxf3 19. Rxf3 e5 20. Qh4 Rh8 21.
Rh3 Nc6 22. Rf1 h6 23. Nf3 Qe7 24. Ng5 hxg5 25. Qxg5 Rxh3 26. gxh3 Nd4 27. f3
Ne2+ 28. Kg2 Nf4+ 29. Kh1 Nxh3 30. Qh4 Rh8 31. Qg3 Nf4 32. Re1 Qc5 33. Qg1 Qxc2
34. Rxe5 Ne6 35. Re1 Qxa2 36. Qg3 Qd2 37. Rg1 Nf4 0-1

[Event "Challenge"]
[Site "http://www.queenalice.com/game.php?id=354600"]
[Date "2008.2.15"]
[Round "-"]
[White "edw"]
[Black "smazinga"]
[Result "0-1"]
[WhiteElo "1410"]
[BlackElo "1912"]

1. e4 c5 2. Bc4 d6 3. Nf3 Nc6 4. Ng5 e6 5. Nxf7 Kxf7 6. d3 Nf6 7. O-O Be7 8. f4
Rf8 9. f5 d5 10. Bb5 Kg8 11. Nc3 exf5 12. exf5 Nd4 13. Be3 Nxb5 14. Nxb5 a6 15.
Na3 b5 16. c3 d4 17. cxd4 cxd4 18. Bg5 Bb7 19. Qb3+ Bd5 20. Qc2 Ng4 21. Qe2 Ne3
22. Bxe7 Qxe7 23. Nc2 Qg5 24. Nxe3 Rae8 25. Qg4 Qxe3+ 26. Kh1 Qxd3 27. Rad1 Qe4
28. Qg3 Rxf5 29. Rxf5 Qxf5 30. h3 Re2 31. Rg1 Re3 32. Qb8+ Kf7 33. Qc7+ Kg6 34.
Qd6+ Kh5 35. Qh2 Rxh3 0-1

[Event "Challenge"]
[Site "http://www.queenalice.com/game.php?id=354637"]
[Date "2008.2.15"]
[Round "-"]
[White "smazinga"]
[Black "edw"]
[Result "1-0"]
[WhiteElo "1892"]
[BlackElo "1404"]

1. e4 e5 2. Nf3 d6 3. Bc4 Be6 4. Bxe6 fxe6 5. d4 Nf6 6. dxe5 Nxe4 7. O-O Be7 8.
exd6 Bxd6 9. Re1 Ng5 10. Nxg5 Kd7 11. Nxe6 Qh4 12. h3 Nc6 13. Bf4 Rae8 14. Nc5+
Kc8 15. Rxe8+ Rxe8 16. Bxd6 cxd6 17. Nd3 g5 18. Nd2 Rg8 19. Nf3 Qe4 20. Qe1 Qf5
21. Qc3 Kb8 22. Nd4 Nxd4 23. Qxd4 Qe6 24. c4 Rc8 25. c5 g4 26. hxg4 dxc5 27.
Nxc5 Qc6 28. Rc1 Qb5 29. Nd7+ Qxd7 30. Qxd7 Rxc1+ 31. Kh2 a6 32. Qxh7 Rc7 33.
Qf5 Ka7 34. Qe5 Rh7+ 35. Kg3 Rc7 36. Qxc7 a5 37. Qxa5+ Kb8 38. g5 1-0

[Event "Challenge"]
[Site "http://www.queenalice.com/game.php?id=356880"]
[Date "2008.2.19"]
[Round "-"]
[White "edw"]
[Black "kako"]
[Result "0-1"]
[WhiteElo "1408"]
[BlackElo "1782"]

1. e4 e5 2. Bc4 Bc5 3. Nf3 d6 4. O-O h6 5. d4 exd4 6. Nxd4 a6 7. Bxf7+ Kxf7 8.
Qh5+ g6 9. Qd5+ Ke8 10. Be3 Ne7 11. Qb3 Nbc6 12. Nxc6 Nxc6 13. Nc3 Bxe3 14. fxe3
Ne5 15. Rad1 b6 16. Nd5 Bg4 17. Rc1 Rh7 18. Nf6+ Ke7 19. Nxh7 Be6 20. Qc3 g5 21.
Qe1 Bf7 22. Qg3 Kd7 23. Qh3+ g4 24. Qxh6 Qe7 25. Nf6+ Kc6 26. Rcd1 Bxa2 27. Nd5
Bxd5 28. exd5+ Kb7 29. Rf4 a5 30. c4 g3 31. hxg3 Rg8 32. Qh3 Ng6 33. Rf3 Ne5 34.
Rf4 Re8 35. g4 Ng6 36. Rfd4 Rh8 37. Qg3 Qf7 38. Rf1 Qe8 39. Kf2 Qd7 40. Ke2 Qa4
41. c5 Qc2+ 42. Rd2 Qxc5 43. g5 Qb5+ 44. Ke1 Re8 45. Rf3 Ne5 46. Rf5 Nc4 47. Re2
Nxb2 48. Kf2 Nd3+ 49. Kf3 Ne5+ 50. Kf4 Qxe2 51. g6 Qc4+ 52. Kg5 Rg8 53. Rxe5
dxe5 54. Qxe5 Qf1 55. Qe4 Kb8 56. Qg4 Qd3 57. Qe6 Rxg6+ 58. Qxg6 Qxg6+ 59. Kxg6
a4 0-1

[Event "Challenge"]
[Site "http://www.queenalice.com/game.php?id=360176"]
[Date "2008.2.24"]
[Round "-"]
[White "edw"]
[Black "lupo1"]
[Result "0-1"]
[WhiteElo "1406"]
[BlackElo "1773"]

1. e4 c5 2. Bc4 Nc6 3. Nf3 e6 4. d4 b6 5. O-O h6 6. Nc3 g5 7. d5 Na5 8. Bb5 Bg7
9. e5 g4 10. Nd2 h5 11. Nde4 Bxe5 12. f4 Bc7 13. Be3 a6 14. Bd3 Bb7 15. g3 exd5
16. Nf2 d4 17. Re1 dxe3 18. Rxe3+ Kf8 19. Qe2 Bf3 20. Qd2 c4 21. Be4 Rc8 22.
Bxf3 gxf3 23. Rae1 Nf6 24. Rxf3 h4 25. g4 Rg8 26. h3 Nh5 27. Kh1 Ng3+ 28. Kh2 f5
29. Nd5 Nc6 30. gxf5 Nxf5 31. Qc3 Ncd4 32. Rfe3 Qg5 33. Ng4 Bxf4+ 34. Nxf4 Qxf4+
35. Kg1 Nh6 36. Qb4+ d6 37. Rf1 Qxf1+ 38. Kxf1 Nhf5 39. Kf2 b5 40. Ra3 Nxc2 41.
Qc3 Nfd4 42. Rxa6 Ke7 43. Ra7+ Ke6 44. Qd2 Rcf8+ 45. Kg2 Rg6 46. Ra6 b4 47. a3
c3 48. Qc1 b3 49. bxc3 Nf3 50. c4 Nfe1+ 51. Kg1 Rf3 52. Qd2 Rxg4+ 53. hxg4 Rg3+
54. Kf1 Rg1+ 55. Kxg1 Nf3+ 0-1

[Event "Challenge"]
[Site "http://www.queenalice.com/game.php?id=366084"]
[Date "2008.3.5"]
[Round "-"]
[White "cdare"]
[Black "edw"]
[Result "1-0"]
[WhiteElo "1702"]
[BlackElo "1415"]

1. e4 e6 2. Nf3 Bc5 3. d4 Bb6 4. Nc3 Ba5 5. Bd2 Nc6 6. Bb5 a6 7. Bxc6 bxc6 8.
O-O d5 9. e5 h5 10. Ng5 f6 11. exf6 Nxf6 12. Qe2 Qd6 13. a3 Rb8 14. b4 Ng4 15.
g3 Bb6 16. Qd3 h4 17. Bf4 Qe7 18. Rae1 Bd7 19. Qg6+ Kd8 20. Nf7+ Kc8 21. Nxh8
Kb7 22. Qxg4 Rxh8 23. Rd1 e5 24. Qg5 Qe6 25. Bxe5 hxg3 26. fxg3 Qh3 27. Rd2 Rh7
28. Rf8 Qxh2+ 29. Rxh2 1-0

[Event "Challenge"]
[Site "http://www.queenalice.com/game.php?id=382843"]
[Date "2008.4.5"]
[Round "-"]
[White "edw"]
[Black "quebec"]
[Result "0-1"]
[WhiteElo "1432"]
[BlackElo "1559"]

1. e4 c5 2. Bc4 Nc6 3. d4 cxd4 4. Nf3 Nf6 5. Ng5 e6 6. O-O Be7 7. c3 dxc3 8.
Nxc3 Bb4 9. Bf4 O-O 10. e5 Bxc3 11. bxc3 Ne8 12. Qh5 h6 13. Ne4 f6 14. exf6 Nxf6
15. Nxf6+ Qxf6 16. Be3 Qxc3 17. Qg4 Ne5 18. Bxe6+ dxe6 19. Qg3 Nf7 20. Rac1 Qf6
21. f4 b6 22. Rfd1 Bb7 0-1

[Event "Challenge"]
[Site "http://www.queenalice.com/game.php?id=419424"]
[Date "2008.6.18"]
[Round "-"]
[White "luiz_gustavo"]
[Black "edw"]
[Result "1-0"]
[WhiteElo "1759"]
[BlackElo "1409"]

1. e4 d6 2. Nf3 e5 3. Nc3 Nf6 4. Bc4 Bg4 5. h3 Bxf3 6. Qxf3 Nc6 7. Nd5 Nd4 8.
Qd1 c6 9. Nxf6+ Qxf6 10. O-O h5 11. d3 Qg6 12. c3 Ne6 13. Re1 Be7 14. Re3 h4 15.
Bxe6 Qxe6 16. d4 Rh6 17. d5 Qd7 18. Qa4 Rg6 19. Rf3 a6 20. Qb3 f6 21. Be3 Kf7
22. dxc6+ Qe6 23. Qxe6+ Kxe6 24. c7 Rc8 25. Bb6 Kf7 26. Rd1 Rh6 27. b4 g5 28. c4
Rg6 29. Rc3 g4 30. c5 gxh3 31. g3 dxc5 32. bxc5 Rcg8 33. Kh2 hxg3+ 34. fxg3 Rh8
35. c6 bxc6 36. Rxc6 f5 37. Rxg6 Kxg6 38. Rd5 Bf6 39. exf5+ Kxf5 40. Rc5 Be7 41.
Ra5 Bb4 42. Rxa6 e4 43. Ra7 Bd6 44. Ra5+ Be5 45. Rd5 1-0

[Event "Challenge"]
[Site "http://www.queenalice.com/game.php?id=429120"]
[Date "2008.7.7"]
[Round "-"]
[White "edw"]
[Black "cdare"]
[Result "0-1"]
[WhiteElo "1395"]
[BlackElo "1628"]

1. e4 e5 2. Bc4 Nf6 3. d3 h6 4. Nf3 Nc6 5. Nc3 Bc5 6. Qe2 d6 7. O-O O-O 8. Nh4
Nd4 9. Qd2 Ng4 10. Ne2 Nxe2+ 11. Qxe2 Qxh4 12. h3 Bxf2+ 13. Rxf2 Nxf2 14. Qxf2
Qe7 15. Qg3 Kh8 0-1

[Event "Challenge"]
[Site "http://www.queenalice.com/game.php?id=442076"]
[Date "2008.8.1"]
[Round "-"]
[White "cdare"]
[Black "edw"]
[Result "1-0"]
[WhiteElo "1621"]
[BlackElo "1402"]

1. e4 e5 2. Nf3 Nf6 3. Nxe5 d6 4. Nxf7 Kxf7 5. Bc4+ Ke8 6. Nc3 Bg4 7. f3 Bh5 8.
d4 c6 9. Bf4 Nbd7 10. Qd2 d5 11. exd5 Qb6 12. b3 1-0

[Event "Challenge"]
[Site "http://www.queenalice.com/game.php?id=485358"]
[Date "2008.10.30"]
[Round "-"]
[White "cdare"]
[Black "edw"]
[Result "1-0"]
[WhiteElo "1702"]
[BlackElo "1403"]

1. e4 g6 2. Nf3 Bg7 3. Nc3 e5 4. Bc4 f6 5. d4 Qe7 6. Be3 d6 7. Nd5 Qd7 8. O-O
Nc6 9. c3 Nge7 10. Nxe7 Qxe7 11. Qa4 Bd7 12. Bb5 a6 13. Bxc6 Bxc6 14. Qb3 a5 15.
d5 Bd7 16. Qxb7 Rc8 17. c4 O-O 18. Qb3 a4 19. Qc2 f5 20. exf5 Rxf5 21. b3 c6 22.
dxc6 Bxc6 23. Rad1 Bxf3 24. gxf3 Rxf3 25. Qd2 Rd8 26. Bh6 Qh4 27. Bxg7 Qg4+ 28.
Kh1 Kxg7 29. Rg1 Qh5 30. Qg5 Qxg5 31. Rxg5 Rxf2 32. Ra1 a3 33. Rgg1 Rd2 34. Rgf1
h5 35. Rfd1 Rf2 36. Kg1 Rff8 37. Re1 1-0

[Event "Challenge"]
[Site "http://www.queenalice.com/game.php?id=485359"]
[Date "2008.10.30"]
[Round "-"]
[White "edw"]
[Black "cdare"]
[Result "0-1"]
[WhiteElo "1407"]
[BlackElo "1698"]

1. e4 e5 2. Bc4 Bc5 3. Nf3 Nc6 4. Nc3 Nf6 5. d3 h6 6. Nh4 O-O 7. Ng6 a6 8. Nxf8
Qxf8 9. Qe2 d6 10. Qf3 Bg4 11. Qg3 Nd4 12. O-O Nxc2 13. Rb1 Nd4 14. Be3 Bb4 15.
Nd5 Ne2+ 16. Kh1 Nxg3+ 17. fxg3 Nxd5 18. Bxd5 c6 19. Bxf7+ Kh8 20. Bc4 Qe7 21.
a3 Ba5 22. Rbc1 c5 23. Bd5 Rb8 24. Rf2 Be6 25. Bxe6 Qxe6 26. h4 Qg6 27. Kh2 Kg8
28. Rcf1 Qg4 29. Rf5 Qe2 30. R1f3 Qxd3 31. g4 Qxe4 32. Kh3 b5 33. g5 h5 34. Bf2
Be1 35. Bxe1 Qxe1 0-1

[Event "Challenge"]
[Site "http://www.queenalice.com/game.php?id=564556"]
[Date "2009.3.31"]
[Round "-"]
[White "edw"]
[Black "rdaigle2003"]
[Result "0-1"]
[WhiteElo "1399"]
[BlackElo "1696"]

1. e4 e5 2. Qh5 Nc6 3. Bc4 g6 4. Qf3 Nf6 5. d3 Na5 6. Bg5 Nxc4 7. Bxf6 Be7 8.
Bxh8 Nxb2 9. Bxe5 Bb4+ 10. c3 Bc5 11. d4 Bb6 0-1